000 00341nam a22001457a 4500
003 SGT
082 _a346.1660954,JAI
100 _a JAI, JANAK RAJ
245 _aUNIVERSAL`S HANDBOOK ON DIVORCE LAW AND PROCEDURES
250 _a5TH
260 _aNEW DELHI
_bUNIVERSAL BOOK HOUSE
_c2013
300 _a270
650 _aLAW
942 _2ddc
_cBK
_02
999 _c9766
_d9766